000 00379nam a2200145Ia 4500
008 230917s9999||||xx |||||||||||||| ||und||
040 _e143721
_aMAIN
041 _aEnglish
082 _a362.71016 B469C
100 _aBhan, Susheela
245 0 _aChild abuse: An annotated bibliography. V1
260 _aNew Delhi
_bNorthern Book Centre
_c1991
300 _a362 p.
942 _cBK
999 _c69054
_d69054